Statistics for Countries with the Most Prisoners

Click here to take the quiz!

General Stats

  • This quiz has been taken 30,365 times
    (17,665 since last reset)
  • The average score is 16 of 20

Answer Stats

Prisoners Country % Correct
2,121,600United States
100%
1,649,804China
98%
595,728Russia
96%
204,749Mexico
93%
682,901Brazil
93%
419,623India
93%
83,430United Kingdom
92%
230,000Iran
82%
249,419Indonesia
79%
158,111South Africa
78%
(106,000)Egypt
78%
83,718Pakistan
78%
116,058Colombia
75%
(175,000)North Korea
73%
232,179Turkey
71%
343,657Thailand
67%
115,035Vietnam
65%
178,661Philippines
60%
85,727Peru
53%
113,727Ethiopia
41%

Score Distribution

Percentile by Number Answered

Percent of People with Each Score

Your Score History

You have not taken this quiz since the last reset